000 00222 a2200097 4500
001 22651
100 _aRyder, J D
245 _aElectronic fundamentals and applications
260 _a
_bPitman
_c1964
090 _c15303
_d15303
942 _aNUST-CAE
_cM
_c5896
999 _c257724
_d257724